书目信息 |
| 题名: |
快速阅读
|
|
| 作者: | 束定芳准备 | |
| 分册: | ||
| 出版信息: |
|
|
| 页数: | 121页 | |
| 开本: | 20cm | |
| 丛书名: | ||
| 单 册: | ||
| 中图分类: | H319.4 | |
| 科图分类: | ||
| 主题词: | 英语 | |
| 电子资源: | ||
| ISBN: | 7-5446-2656-3 | |
| 000 | 00492nam0 2200169 450 | |
| 001 | 1653591952 | |
| 005 | 20160620153835.77 | |
| 010 | @a7-5446-2656-3@dCNY22.00 | |
| 100 | @a20160620d km y0chiy0120 ea | |
| 101 | 0 | @achi |
| 200 | 1 | @a快速阅读@Akuai su yue du@f束定芳准备@Fshu ding fang zhun bei |
| 215 | @a121页@d20cm | |
| 606 | 0 | @a英语 |
| 690 | @aH319.4@v4 | |
| 701 | 0 | @a束定芳准备@Ashu ding fang zhun bei |
| 801 | 0 | @aCN@b大连网信软件有限公司图书馆·11@c20160620 |
| 905 | @aZUCC@dH319.4@eS6562 | |
| 快速阅读/束定芳准备 |
| 121页;20cm |
| ISBN 7-5446-2656-3:CNY22.00 |
| ● |
| 相关链接 |
|
|
|
正题名:快速阅读
索取号:H319.4/S6562
 
预约/预借
| 序号 | 登录号 | 条形码 | 馆藏地/架位号 | 状态 | 备注 |
| 1 | 1238177 | 212381778 | 语言库209/209语言库 48排4列6层/ [索取号:H319.4/S6562] | 在馆 |